| 000 | 00488nam a22001817a 4500 | ||
|---|---|---|---|
| 003 | CEME | ||
| 005 | 20210628204047.0 | ||
| 008 | 210107b xxu||||| |||| 00| 0 eng d | ||
| 020 | _a9788184892369 | ||
| 040 | _cceme | ||
| 082 | _a621.38152 ROC | ||
| 100 |
_aRockett, Angus _968519 |
||
| 245 | _aThe materials science of semiconductors | ||
| 260 |
_aNEW DELHI _bSPRINGER _c2008 |
||
| 300 | _aXVI, 622P | ||
| 650 |
_aSEMICONDUCTORS.SCIENCE OF SEMICONDUCTORS. _968520 |
||
| 942 |
_cBK _2ddc |
||
| 999 |
_c576078 _d576078 |
||